| 000 | 00608nam a2200169 a 4500 | ||
|---|---|---|---|
| 001 | 3400 | ||
| 003 | CDMR | ||
| 005 | 20130909124902.0 | ||
| 008 | 130130s1989||||||||||||||||||||||||||||d | ||
| 040 |
_aCDMR _bcat _cCPC GIRONA |
||
| 100 | 1 |
_aEspriu, Salvador _92448 |
|
| 245 | 1 | 0 |
_aSalvador Espriu. Obres Completes _b: Anys d'aprenentatge IV Narrativa, 2 _cSalvador Espriu ; edició a cura de de Francesc Vallverdú |
| 260 |
_c1989 _bEdicions 62 _aBarcelona |
||
| 490 | 0 | _aClàssics Catalans del segle XX | |
| 500 | _aVolum 4 de les obres completes, Anys d'aprenentatge ; correspon a Narrativa 2. | ||
| 942 |
_cMON _2udc |
||
| 999 |
_c3400 _d3400 |
||